| 000 | 01492nam a2200349 c 4500 | ||
|---|---|---|---|
| 003 | BLK | ||
| 005 | 20180420222842.0 | ||
| 008 | 180408b bul|||||r ||||||| ||bul|| | ||
| 010 | _aKNG00063439000 | ||
| 040 | _aBLK | ||
| 041 |
_aBUL _cBUL |
||
| 080 |
_aЕзици за програмиране _b519.682 _x(035) _z519.682(035) |
||
| 100 | 1 |
_aУелш, Джим _eпърви автор _9288921 |
|
| 700 | 1 |
_aЕлдър, Джон _eсъавт. _966907 |
|
| 700 | 1 |
_aАврамов, Мишел Л. _eпрев. от англ. _9275442 |
|
| 700 | 1 |
_aСеизов, Асен О. _eпрев. от англ. _9288922 |
|
| 139 |
_aУелш, Джим и др. _bУ 29 |
||
| 245 | 1 | 0 |
_aВъведение в езика ПАСКАЛ _bРъководство _cДжим Уелш; съавт. Джон Елдър; прев. от англ. Мишел Л. Аврамов; прев. от англ. Асен О. Сеизов. |
| 257 | _aUSA | ||
| 260 |
_аСофия _bТехника _c1984 _fВраца : В. Александров |
||
| 300 |
_a311 с. _bс табл., сх. _c22 см |
||
| 380 | _a5 | ||
| 500 | _aОриг. загл. Introducition to Pascal | ||
| 650 | 4 |
_aЕзици за програмиране - наръчници и ръководства _9241821 |
|
| 653 | _aезици за програмиране | ||
| 653 | _aръководства | ||
| 852 | _aЦб 125674 | ||
| 856 | 4 |
_qpdf _u |
|
| 856 | 4 |
_qpdf _u |
|
| 942 |
_cKNG _n0 |
||
| 944 |
_aCR _c13.06.2004 _kЧиталня |
||
| 944 |
_aED _c09.10.2015 _kХристина_Везирева |
||
| 999 |
_c59347 _d59347 |
||